Statistics for Quiz Flag Of Organization Of Islamic Cooperation

Click here to take the quiz!

General Stats

  • This quiz has been taken 23 times
  • The average score is 36 of 57

Answer Stats

Answer% Correct
Albania
95%
Afghanistan
91%
Algeria
91%
Bangladesh
91%
Egypt
91%
Qatar
86%
Saudi Arabia
86%
Azerbaijan
82%
Niger
82%
Pakistan
82%
Somalia
82%
Bahrain
77%
Chad
77%
Lebanon
77%
Nigeria
77%
Tunisia
77%
Turkey
77%
Yemen
77%
Brunei
73%
Indonesia
73%
Libya
73%
Malaysia
73%
Morocco
73%
Sudan
73%
United Arab Emirates
73%
Iran
68%
Iraq
68%
Kazakhstan
68%
Oman
68%
Palestine
68%
Syria
68%
Turkmenistan
68%
Kuwait
64%
Senegal
64%
Cameroon
59%
Maldives
59%
Mali
59%
Uganda
59%
Jordan
55%
Kyrgyzstan
55%
Uzbekistan
55%
Djibouti
50%
Gabon
50%
Mauritania
50%
Tajikistan
50%
Gambia
45%
Benin
41%
Burkina Faso
41%
Guinea
41%
Sierra Leone
41%
Togo
36%
Guinea Bissau
32%
Mozambique
32%
Guyana
27%
Suriname
27%
Cote D'Ivore
18%
Coromos
5%

Score Distribution

Percentile by Number Answered

Percent of People with Each Score

Your Score History

You have not taken this quiz